| 000 | 00581nam a2200181Ia 4500 | ||
|---|---|---|---|
| 005 | 20250423100228.0 | ||
| 008 | 250422s9999 xx 000 0 und d | ||
| 020 | _a9781138491656 | ||
| 050 | _aTK 3105 .Z46/ | ||
| 100 | _aZhong, Zhixiong | ||
| 245 | 0 | _aModeling, control, estimation, and optimization for microgrids | |
| 260 | _aBoca Raton | ||
| 260 | _bCRC Press | ||
| 260 | _c2024 | ||
| 300 | _a379 p | ||
| 650 | _aMicrogrids (Smart power grids) Electric power systems—Control Electric power systems—Optimization Smart power grids—Mathematical models | ||
| 942 | _cBK | ||
| 999 |
_c32667 _d32667 |
||